000 00932nam a2200229 a 4500
008 170526s2015 ||||||||||||||||| || u
020 _a9780128018521
020 _a0128018526
050 _aR 856 Pri
100 _aPrivitera, Mary Beth
245 1 0 _aContextual inquiry for medical device design
_cMary Beth Privitera
_h[unmediated]
250 _aFirst edition.
260 _aAmsterdam:
_bAcademic Press/Elsevier
_c2015
300 _axxii, 284 pages : illustrations ; 24 cm.
350 _a79.70
500 _aIncludes bibliographical references and index.
650 3 _aEQUIPMENT DESIGN
650 0 _aContext effects (Psychology)
650 3 _aDATA COLLECTION
650 _aMEDICAL INSTRUMENTS AND APPARATUS--DESIGN AND CONSTRUCTION
995 _aMICHAEL CHILUFYA SATA OPEN ACCESS
_e904047
_FCBU-SCHOOL OF MEDICINE LIBRARY (Ndola)
_I79.70
_jR 856 Pri
_M1
_UAVAILABLE
_WMay 26, 2017
_y904047
_ZMedical Library Open Access Collection
999 _c31154
_d31154